Communes de Seine Saint Denis - Statistiques

Statistiques générales
  • Ce quiz a été pris 44 fois
    11 depuis la dernière actualisation
  • Le résultat moyen est 33 sur 39
Statistiques - réponses
Nbr d'hab Communes % Correct
89 489 Aubervilliers
100%
86 360 Aulnay sous Bois
100%
53 564 Epinay sur Seine
100%
47 086 La Courneuve
100%
23 262 Les Lilas
100%
46 507 Livry Gargan
100%
28 257 Montfermeil
100%
110 758 Montreuil
100%
71 632 Noisy le Grand
100%
45 915 Noisy le Sec
100%
60 954 Pantin
100%
45 947 Rosny sous Bois
100%
51 640 Sevran
100%
41 776 Bagnolet
86%
55 270 Bobigny
86%
29 551 Clichy sous Bois
86%
11 723 Dugny
86%
59 912 Le Blanc Mesnil
86%
14 778 Le Raincy
86%
24 872 Les Pavillons sous Bois
86%
8 682 L'Ile Saint Denis
86%
148 907 Saint Denis
86%
40 600 Stains
86%
38 210 Tremblay en France
86%
39 647 Villepinte
86%
51 066 Bondy
71%
71 312 Drancy
71%
40 790 Gagny
71%
15 052 Le Bourget
71%
16 733 Le Pré Saint Gervais
71%
21 914 Neuilly Plaisance
71%
38 799 Neuilly sur Marne
71%
35 314 Romainville
71%
29 973 Villemomble
71%
12 432 Villetaneuse
71%
5 156 Coubron
57%
53 041 Saint Ouen sur Seine
57%
7 743 Vaujours
57%
7 101 Gournay sur Marne
43%
Aucun quiz correspondant
Distribution des résultats
% des personnes avec chaque résultat
Percentile par nombre de réponses
Votre historique - résultats
Vous n’avez pas pris ce quiz depuis la dernière actualisation